Core Java 2 V2 : advanced features (covers J2SE 1.3/1.4) versions (Record no. 170873)
[ view plain ]
| 000 -LEADER | |
|---|---|
| fixed length control field | 00517nam a2200157Ia 4500 |
| 008 - FIXED-LENGTH DATA ELEMENTS--GENERAL INFORMATION | |
| fixed length control field | 231217s9999 xx 000 0 und d |
| 041 ## - LANGUAGE CODE | |
| Language code of text/sound track or separate title | English |
| 082 ## - DEWEY DECIMAL CLASSIFICATION NUMBER | |
| Classification number | 001.6424JAV HOR1.2;1 R |
| 100 ## - MAIN ENTRY--PERSONAL NAME | |
| Personal name | Horstmann, Cay SCornell, Gary |
| 245 #0 - TITLE STATEMENT | |
| Title | Core Java 2 V2 : advanced features (covers J2SE 1.3/1.4) versions |
| 260 ## - PUBLICATION, DISTRIBUTION, ETC. | |
| Date of publication, distribution, etc. | 2002 |
| Name of publisher, distributor, etc. | Pearson Education |
| Place of publication, distribution, etc. | New Delhi |
| 300 ## - PHYSICAL DESCRIPTION | |
| Extent | xxvi+1204 |
| 500 ## - GENERAL NOTE | |
| General note | accompanied by CD4222 |
| 650 ## - SUBJECT ADDED ENTRY--TOPICAL TERM | |
| Topical term or geographic name entry element | Core,Java,2,V2,:,advanced,features,(covers,J2SE,1.3/1.4),versions |
| 942 ## - ADDED ENTRY ELEMENTS (KOHA) | |
| Koha item type | Books |
| Date last seen | Total checkouts | Full call number | Accession number | Cost, total (INR) price | Price effective from | Category | Lost status | Damaged status | Department | Withdrawn status | Home library | Current library | Shelving location | Entry date | Vendor | Cost, normal purchase price | Grants | Billnumber | Billdate | Currency symbol | Conversion rate | Discount | Old discount |
|---|---|---|---|---|---|---|---|---|---|---|---|---|---|---|---|---|---|---|---|---|---|---|---|
| 26/01/2024 | 001.6424JAV HOR1.2;1 R | 25652 | 396.00 | 26/01/2024 | Books | Central Library | Central Library | Central Library | Central Library | 12/02/2004 | LBPD- L.B. Publishers & Distributors Pvt. Ltd. | 495.00 | MCA | 4/36748 | 28/08/2005 | RS | 1 | 99 | 20 | ||||
| 26/01/2024 | 001.6424JAV HOR1.2;2 R1 | 25653 | 396.00 | 26/01/2024 | Books | Central Library | Central Library | Central Library | Central Library | 12/02/2004 | LBPD- L.B. Publishers & Distributors Pvt. Ltd. | 495.00 | MCA | 4/36748 | 28/08/2005 | RS | 1 | 99 | 20 |
